Manual d'autodiagnosi en mercat i fidelització de clients : consolidació d'empreses de recent creació / Ignacio Guitart Felip consolidació d'empreses de recent creació / Ignacio Guitart Felip
Publicado:
Barcelona :
Diputació de Barcelona. Àrea de Desenvolupament Econòmic. Servei de Teixit Productiu ,
2008
Descripción Física:
54 p. : quadres, col. ; 30 cm + 1 CD-ROM
MARC
| LEADER | 00000nam a2200000Ia 4500 | ||
|---|---|---|---|
| 001 | 20738 | ||
| 003 | BGR | ||
| 005 | 20260324180106.0 | ||
| 008 | 160829s2008 xx 000 0 cat d | ||
| 080 | |a M-6-85 | ||
| 100 | |a Guitart Felip, Ignacio |9 46108 | ||
| 245 | |a Manual d'autodiagnosi en mercat i fidelització de clients : |b consolidació d'empreses de recent creació / Ignacio Guitart Felip | ||
| 260 | |a Barcelona : |b Diputació de Barcelona. Àrea de Desenvolupament Econòmic. Servei de Teixit Productiu, |c 2008 | ||
| 300 | |a 54 p. : |b quadres, col. ; |c 30 cm + 1 CD-ROM | ||
| 590 | |a A la coberta: Indra | ||
| 650 | |a Mercat |x Anàlisi |x Manuals, guies, etc. |9 46109 | ||
| 650 | |a Fidelització |x Manuals, guies, etc. |9 46110 | ||
| 710 | |a Barcelona (Catalunya : Província). |b Servei de Teixit Productiu |9 53474 | ||
| 710 | 2 | |a Indra (Projecte) |9 71041 | |
| 901 | |a Arxiu | ||
| 942 | |n 1 |2 udc |c MON | ||
| 952 | |0 0 |1 0 |4 0 |6 M685 |7 1 |9 52996 |a Arxiu |b Arxiu |d 2016-12-01 |l 0 |o M-6-85 |p 20738 |r 2016-12-01 00:00:00 |w 2016-12-01 |y ARXIU | ||
| 999 | |c 56845 |d 56845 | ||